[Event "VI Torneo Parthenope B"]
[Site "Napoli ITA"]
[Date "2014.06.05"]
[Round "2"]
[White "Pellegrino, Carlo"]
[Black "Baccelliere, Donato"]
[WhiteElo "1476"]
[BlackElo "1404"]
[Result "1-0"]
[PlyCount "53"]
[EventDate "2014.05.22"]

1. d4 d5 2. Nf3 Bg4 3. e3 e6 4. Bd3 Nc6 5. Nbd2 Nf6 6. c3 e5 7. dxe5 Nxe5 8.
Qa4+ c6 9. Nxe5 Qd6 10. Nxg4 Nxg4 11. Qxg4 Be7 12. Qxg7 O-O-O 13. Qg3 Qe6 14.
Qf3 d4 15. Bf5 dxe3 16. Bxe6+ fxe6 17. Qxe3 Kb8 18. O-O h5 19. Ne4 h4 20. h3
Rhg8 21. Qf4+ Ka8 22. Be3 Rg7 23. Nf6 Bd6 24. Qxh4 Be7 25. Rad1 Rf8 26. Qd4
Bxf6 27. Qxa7# 1-0

[Event "VI Torneo Parthenope B"]
[Site "Napoli ITA"]
[Date "2014.06.12"]
[Round "3"]
[White "Baccelliere, Donato"]
[Black "Baccelliere, Riccardo"]
[WhiteElo "1404"]
[BlackElo "1359"]
[Result "1-0"]
[PlyCount "75"]
[EventDate "2014.05.22"]

1. e4 e5 2. Nf3 Nc6 3. d4 exd4 4. Nxd4 Nxd4 5. Qxd4 Qf6 6. Qxf6 Nxf6 7. Nc3 g6
8. Bd3 Bg7 9. O-O O-O 10. Bg5 a6 11. Bh4 Re8 12. Rfe1 d5 13. exd5 Rxe1+ 14.
Rxe1 Bg4 15. Nb5 Nxd5 16. f3 Bd7 17. c4 Bxb5 18. cxb5 Nf4 19. Be4 Re8 20. Kf1
Nd3 21. Re2 Nxb2 22. Bxb7 Rb8 23. Bc6 Nd3 24. a4 Nb4 25. Re7 Nxc6 26. bxc6 Bf8
27. Rxc7 Bc5 28. Ke2 Rb2+ 29. Kd3 Rb4 30. Be7 Rb3+ 31. Ke4 Bxe7 32. Kd4 Bd6 33.
Rd7 Bxh2 34. Kc5 Rc3+ 35. Kb6 f5 36. Kxa6 h5 37. a5 Bg1 38. Rd6 1-0

[Event "VI Torneo Parthenope B"]
[Site "Napoli ITA"]
[Date "2014.06.12"]
[Round "4"]
[White "Baccelliere, Donato"]
[Black "Brighel, Francesco"]
[WhiteElo "1404"]
[BlackElo "1452"]
[Result "1-0"]
[PlyCount "78"]
[EventDate "2014.05.22"]

1. e4 c5 2. Nf3 d6 3. Bc4 e6 4. Nc3 Nf6 5. d4 cxd4 6. Nxd4 Nc6 7. Bg5 Be7 8. h4
h6 9. Be3 O-O 10. g4 Nxd4 11. Qxd4 e5 12. Qd1 Nxg4 13. Be2 Nxe3 14. fxe3 Qb6
15. Nd5 Qd8 16. Nxe7+ Qxe7 17. Qd5 Be6 18. Qd2 Rac8 19. b3 f5 20. Bd3 f4 21.
exf4 Rxf4 22. h5 Rcf8 23. O-O-O Rf2 24. Qe3 R8f3 25. Qxa7 Qg5+ 26. Kb2 Rd2 27.
Kc3 Rxd1 28. Rxd1 Bg4 29. Qb8+ Rf8 30. Bc4+ Kh7 31. Qxf8 Qe3+ 32. Rd3 Qe1+ 33.
Kb2 Bxh5 34. Qg8+ Kg6 35. Rxd6+ Kg5 36. Qxg7+ Kh4 37. Qxh6 Kg4 38. Qe6+ Kf4 39.
Qf5+ Ke3 1-0

[Event "VI Torneo Parthenope B"]
[Site "Napoli ITA"]
[Date "2014.06.12"]
[Round "4"]
[White "Baccelliere, Riccardo"]
[Black "Pellegrino, Laura"]
[WhiteElo "1359"]
[BlackElo "1404"]
[Result "1-0"]
[PlyCount "75"]
[EventDate "2014.05.22"]

1. e4 d6 2. d4 Nd7 3. Nc3 Ngf6 4. Bc4 e5 5. d5 Be7 6. Nf3 O-O 7. O-O Nc5 8. Bd3
Rb8 9. Be3 Nxd3 10. Qxd3 Bg4 11. h3 Bxf3 12. gxf3 c6 13. dxc6 bxc6 14. Bxa7
Rxb2 15. Rab1 Rxb1 16. Rxb1 Qa5 17. Rb7 Re8 18. Qc4 h6 19. Qxc6 Qd8 20. Rb8 Qa5
21. Rxe8+ Nxe8 22. Qxe8+ Bf8 23. Nb5 Qxa2 24. Bb8 d5 25. Nd6 dxe4 26. fxe4 g6
27. c4 Qb1+ 28. Kg2 Qxb8 29. Qxb8 Kg7 30. Qe8 h5 31. Qxf7+ Kh6 32. Qxf8+ Kg5
33. Nf7+ Kf4 34. Nd6+ Kg5 35. Kg3 h4+ 36. Kf3 Kh5 37. Nf7 g5 38. Qh6# 1-0

[Event "VI Torneo Parthenope B"]
[Site "Napoli ITA"]
[Date "2014.06.12"]
[Round "4"]
[White "Pinto, Giuseppe"]
[Black "Pellegrino, Giovanni"]
[WhiteElo "1380"]
[BlackElo "1416"]
[Result "1-0"]
[PlyCount "87"]
[EventDate "2014.05.22"]

1. e4 e6 2. d3 d5 3. exd5 exd5 4. Nf3 Bd6 5. Be2 Bg4 6. O-O Ne7 7. c4 c6 8. Nc3
O-O 9. Re1 Re8 10. a3 d4 11. Nxd4 Bxe2 12. Rxe2 Bxh2+ 13. Kxh2 Qxd4 14. Kg1 Nd7
15. Re4 Qf6 16. Qe2 Kf8 17. Be3 a6 18. Bd4 Qd6 19. Qg4 Ng6 20. Rae1 c5 21. Be3
Rxe4 22. Qxe4 Nf6 23. Qf3 Re8 24. Rd1 b6 25. Ne4 Nxe4 26. dxe4 Qe6 27. b3 Ne5
28. Qf5 Qxf5 29. exf5 f6 30. Rd6 Rb8 31. Bf4 Rb7 32. Bxe5 fxe5 33. Re6 b5 34.
Rxe5 bxc4 35. bxc4 Rb1+ 36. Kh2 Ra1 37. Rxc5 Rxa3 38. g4 Ra2 39. Kg3 Rc2 40.
Ra5 Rxc4 41. Rxa6 Rc3+ 42. Kg2 Rc4 43. f3 Re4 44. fxe4 1-0

[Event "VI Torneo Parthenope B"]
[Site "Napoli ITA"]
[Date "2014.06.19"]
[Round "5"]
[White "Brighel, Francesco"]
[Black "D'Orazi, Goffredo"]
[WhiteElo "1452"]
[BlackElo "1431"]
[Result "1-0"]
[PlyCount "82"]
[EventDate "2014.05.22"]

1. d4 d5 2. Bf4 Nf6 3. e3 c5 4. c3 Nc6 5. Nf3 Qb6 6. Qb3 Bf5 7. dxc5 Qxb3 8.
axb3 e6 9. b4 Be7 10. Nbd2 O-O 11. Nh4 Bc2 12. Rc1 Ba4 13. b3 Nh5 14. Nhf3 Nxf4
15. exf4 Nxb4 16. cxb4 Be8 17. Bd3 f6 18. O-O a6 19. Rfe1 Bd7 20. Nd4 Kf7 21.
h3 Rac8 22. g4 Rfe8 23. Re2 Bf8 24. Rce1 g6 25. Kg2 Bg7 26. N2f3 h6 27. Kg3 Re7
28. h4 Rce8 29. c6 bxc6 30. Bxa6 Rb8 31. Nc2 c5 32. f5 gxf5 33. gxf5 cxb4 34.
fxe6+ Bxe6 35. Nfd4 Rb6 36. Bd3 Bf8 37. h5 Bc8 38. Bg6+ Kg7 39. Rxe7+ Bxe7 40.
Rxe7+ Kf8 41. Re8+ Kg7 1-0

[Event "VI Torneo Parthenope B"]
[Site "Napoli ITA"]
[Date "2014.06.19"]
[Round "5"]
[White "Pellegrino, Carlo"]
[Black "Pinto, Giuseppe"]
[WhiteElo "1476"]
[BlackElo "1380"]
[Result "0-1"]
[PlyCount "120"]
[EventDate "2014.05.22"]

1. d4 d5 2. Nf3 Nc6 3. e3 e6 4. c3 Nf6 5. Bd3 Qe7 6. Nbd2 Bd7 7. O-O O-O-O 8.
b4 e5 9. dxe5 Nxe5 10. Nxe5 Qxe5 11. Bb2 h5 12. Nf3 Qd6 13. b5 Ng4 14. h3 Ne5
15. Nxe5 Qxe5 16. Qd2 Bd6 17. f4 Qe7 18. Qf2 h4 19. a4 Bc5 20. Rae1 Rde8 21.
Bc1 Rh6 22. Qf3 Re6 23. Kf2 c6 24. Bf5 Rd6 25. Bxd7+ Qxd7 26. bxc6 Qxc6 27.
Qg4+ Rde6 28. Kf3 Qxa4 29. Bd2 Kc7 30. Qxg7 R8e7 31. f5 Qe4+ 32. Kf2 Qxf5+ 33.
Kg1 Qg6 34. Qxg6 Rxg6 35. Kh1 Rge6 36. c4 dxc4 37. e4 Rxe4 38. Rxe4 Rxe4 39.
Rxf7+ Kb6 40. Rf6+ Kb5 41. Rf7 Re7 42. Rf5 Rd7 43. Be3 Rc7 44. Rh5 c3 45. Bc1
c2 46. Rxh4 Rd7 47. Kh2 Rd1 48. Bh6 Bd6+ 49. g3 c1=Q 50. Bxc1 Rxc1 51. Rh5+ Kc6
52. Rh6 b5 53. h4 b4 54. Rh8 b3 55. Rc8+ Bc7 56. Ra8 b2 57. Rxa7 b1=Q 58. Ra6+
Kb7 59. Rf6 Qb2+ 60. Kh3 Qxf6 0-1

[Event "VI Torneo Parthenope B"]
[Site "Napoli ITA"]
[Date "2014.06.26"]
[Round "6"]
[White "D'Orazi, Goffredo"]
[Black "Baccelliere, Riccardo"]
[WhiteElo "1431"]
[BlackElo "1359"]
[Result "1-0"]
[PlyCount "52"]
[EventDate "2014.05.22"]

1. e4 e5 2. d4 Nc6 3. d5 Nd4 4. c3 Nb5 5. Bxb5 a6 6. Ba4 Bc5 7. Qg4 b5 8. Qxg7
Qf6 9. Qxf6 Nxf6 10. Bc2 b4 11. Nf3 d6 12. O-O Ng4 13. Ba4+ Bd7 14. Bc6 O-O-O
15. h3 Nf6 16. Bg5 Rhg8 17. Bxd7+ Rxd7 18. Bxf6 Rg6 19. Bh4 f6 20. Nbd2 bxc3
21. bxc3 Rdg7 22. g3 Rh6 23. Kh2 Rh5 24. Bxf6 Rg6 25. Bh4 Ba3 26. g4 Bb2 1-0

[Event "VI Torneo Parthenope B"]
[Site "Napoli ITA"]
[Date "2014.06.26"]
[Round "6"]
[White "Pellegrino, Laura"]
[Black "Pellegrino, Carlo"]
[WhiteElo "1404"]
[BlackElo "1476"]
[Result "0-1"]
[PlyCount "117"]
[EventDate "2014.05.22"]

1. e4 d6 2. d4 Nf6 3. Nf3 Nxe4 4. Bc4 d5 5. Bb3 Bg4 6. h3 Bh5 7. O-O e6 8. c4
c6 9. cxd5 cxd5 10. Ba4+ Nd7 11. Bxd7+ Qxd7 12. Ne5 Bxd1 13. Nxd7 Ba4 14. Ne5
Be7 15. f3 Ng3 16. Re1 O-O 17. Nc3 Bc2 18. Kf2 Bh4 19. Kg1 f6 20. Nd7 Rfe8 21.
Nc5 Ne4 22. Re2 Nxc5 23. Rxc2 Nd3 24. Nb5 Rac8 25. Rxc8 Rxc8 26. Be3 Rc2 27. b3
Re2 28. Bc1 Re1+ 29. Kh2 Rxc1 30. Rxc1 Nxc1 31. g3 Bg5 32. f4 Bh6 33. Nc3 Nd3
34. Kg2 e5 35. fxe5 fxe5 36. dxe5 d4 37. Nb5 Be3 38. Kf3 Nxe5+ 39. Ke4 Nc6 40.
Kd3 Nb4+ 41. Ke4 Nxa2 42. Nxa7 Bg1 43. Kd3 Nb4+ 44. Kc4 d3 45. Nb5 d2 46. Nc3
Nc6 47. Kd3 Bh2 48. g4 Bf4 49. Kc2 Nd4+ 50. Kb2 Kf7 51. Nd1 Ke6 52. Kc3 Kd5 53.
Kd3 Nxb3 54. Kc3 Nc5 55. Kc2 Kc4 56. h4 Ne4 57. g5 h6 58. gxh6 Bxh6 59. Nb2+
0-1

[Event "XV C.to Europeo femminile"]
[Site "Plovdiv BUL"]
[Date "2014.07.06"]
[Round "1"]
[White "Brunello, Marina"]
[Black "Litvinenko, Ekaterina"]
[WhiteElo "2321"]
[BlackElo "1978"]
[Result "1/2-1/2"]
[PlyCount "114"]
[EventDate "2014.07.06"]

1. e4 e5 2. Nf3 Nc6 3. d4 exd4 4. Nxd4 Nf6 5. Nc3 Bb4 6. Nxc6 bxc6 7. Bd3 d5 8.
exd5 Qe7+ 9. Qe2 Qxe2+ 10. Kxe2 cxd5 11. Nb5 Ba5 12. c3 O-O 13. Rd1 Bb6 14. Bf4
Re8+ 15. Kf1 c6 16. Nc7 Bxc7 17. Bxc7 Bd7 18. Bf4 Nh5 19. Be3 Nf6 20. h3 a5 21.
Bf4 Ne4 22. Bc2 Bc8 23. Ba4 Ba6+ 24. Kg1 Re6 25. Re1 Nc5 26. Rxe6 Nxe6 27. Be3
c5 28. Bc6 Rb8 29. b3 d4 30. cxd4 Nxd4 31. Be4 Re8 32. Bxd4 cxd4 33. f3 g6 34.
Rd1 Rd8 35. g4 Kg7 36. Kf2 Kf6 37. f4 Ke6 38. Rc1 Rc8 39. Rd1 Rd8 40. g5 f6 41.
h4 fxg5 42. hxg5 Rd7 43. Rc1 Rd6 44. Ke1 Kd7 45. f5 gxf5 46. Bxf5+ Kd8 47. Bxh7
Rd5 48. Rc6 Bb5 49. Rg6 Re5+ 50. Kd1 d3 51. Rg7 Ke8 52. g6 Rg5 53. Ra7 Rg1+ 54.
Kd2 Rg2+ 55. Kd1 Rg1+ 56. Kd2 Rg2+ 57. Kd1 Rg1+ 1/2-1/2

[Event "XV C.to Europeo femminile"]
[Site "Plovdiv BUL"]
[Date "2014.07.06"]
[Round "1"]
[White "De Rosa, Mariagrazia"]
[Black "Gvetadze, Sofio"]
[WhiteElo "2081"]
[BlackElo "2356"]
[Result "0-1"]
[PlyCount "38"]
[EventDate "2014.07.06"]

1. e4 d6 2. d4 Nf6 3. Nc3 Nbd7 4. Nf3 e5 5. g4 Nxg4 6. Rg1 Ngf6 7. Bc4 exd4 8.
Qxd4 Nb6 9. e5 Nxc4 10. exf6 Qxf6 11. Qxc4 Qxf3 12. Rg3 Qh1+ 13. Ke2 Qc6 14.
Re3+ Be7 15. Qd4 Be6 16. Qxg7 O-O-O 17. Qd4 Kb8 18. b3 d5 19. Na4 Bf6 0-1

[Event "XV C.to Europeo femminile"]
[Site "Plovdiv BUL"]
[Date "2014.07.06"]
[Round "1"]
[White "Shabanaj, Eglantina"]
[Black "Zimina, Olga"]
[WhiteElo "2046"]
[BlackElo "2351"]
[Result "0-1"]
[PlyCount "73"]
[EventDate "2014.07.06"]

1. e4 e5 2. Nf3 Nc6 3. Bb5 a6 4. Ba4 Nf6 5. O-O b5 6. Bb3 Bc5 7. d3 O-O 8. c3
d6 9. h3 h6 10. Re1 Bb6 11. Nbd2 Ne7 12. Nf1 Ng6 13. Ng3 Re8 14. Qc2 c5 15. Be3
Bb7 16. Rad1 d5 17. Qc1 Nh7 18. Nf5 Qf6 19. Nh2 h5 20. g4 c4 21. dxc4 bxc4 22.
Ba4 Red8 23. gxh5 Bxe3 24. Qxe3 Nf4 25. Ng4 Qg5 26. h6 g6 27. Ng7 Nf6 28. Qg3
Nxg4 29. hxg4 Qxh6 30. Ne8 Rxe8 31. Bxe8 Rxe8 32. f3 dxe4 33. fxe4 Nh3+ 34. Kg2
Ng5 35. Rd7 Bxe4+ 36. Kf2 Bc6 37. Red1 0-1

[Event "XV C.to Europeo femminile"]
[Site "Plovdiv BUL"]
[Date "2014.07.06"]
[Round "1"]
[White "Vasileva, Cveta"]
[Black "Sedina, Elena"]
[WhiteElo "1598"]
[BlackElo "2288"]
[Result "0-1"]
[PlyCount "77"]
[EventDate "2014.07.06"]

1. d4 d5 2. c4 c6 3. e3 Nf6 4. Nc3 a6 5. a4 a5 6. h3 g6 7. Nf3 Bg7 8. Bd3 O-O
9. O-O Na6 10. cxd5 Nxd5 11. e4 Ndb4 12. Bc4 Nc7 13. Be3 Be6 14. Be2 h6 15. Qd2
Kh7 16. Rab1 f5 17. Rbc1 fxe4 18. Nxe4 Bf5 19. Ng3 Ne6 20. Rfd1 Qd6 21. Nh4
Rad8 22. Ngxf5 gxf5 23. Bd3 Nxd3 24. Qxd3 Nxd4 25. Qf1 Qf6 26. g3 Nb3 27. Rc3
Rxd1 28. Qxd1 Nd4 29. Rc4 Rd8 30. Qh5 e5 31. Bxd4 Rxd4 32. b3 Rxc4 33. bxc4 f4
34. Qf5+ Qxf5 35. Nxf5 Bf8 36. Kg2 fxg3 37. fxg3 Bc5 38. Kf3 b5 39. cxb5 0-1

[Event "XV C.to Europeo femminile"]
[Site "Plovdiv BUL"]
[Date "2014.07.07"]
[Round "2"]
[White "Galunova, Tsveta"]
[Black "Brunello, Marina"]
[WhiteElo "2125"]
[BlackElo "2321"]
[Result "0-1"]
[PlyCount "84"]
[EventDate "2014.07.06"]

1. e4 c5 2. c3 Nf6 3. e5 Nd5 4. d4 cxd4 5. cxd4 e6 6. Nc3 Nxc3 7. bxc3 Qc7 8.
Bd2 b6 9. f4 Bb7 10. Nf3 Nc6 11. Bd3 Ne7 12. O-O h5 13. Ng5 Nf5 14. Qc2 g6 15.
a4 Be7 16. Ne4 Kf8 17. Rfb1 Kg7 18. a5 Bd5 19. g3 Qb7 20. Nf2 Rhc8 21. Qd1 h4
22. g4 Ng3 23. Qe1 Bh1 24. Bf1 Nxf1 25. Qxf1 Bd5 26. g5 Qc7 27. axb6 axb6 28.
Qh3 Rh8 29. Ng4 Qc4 30. Qf1 Qc7 31. Qh3 Bb7 32. Rxa8 Bxa8 33. Kf2 Qa7 34. Qd3
Qa2 35. Rxb6 Qd5 36. Qh3 Qh1 37. Rb2 Bc6 38. Nf6 Ra8 39. d5 Bc5+ 40. Be3 Bxe3+
41. Kxe3 Qc1+ 42. Rd2 Ra2 0-1

[Event "XV C.to Europeo femminile"]
[Site "Plovdiv BUL"]
[Date "2014.07.07"]
[Round "2"]
[White "Olsarova, Karolina"]
[Black "De Rosa, Mariagrazia"]
[WhiteElo "2274"]
[BlackElo "2081"]
[Result "0-1"]
[PlyCount "104"]
[EventDate "2014.07.06"]

1. e4 c5 2. Nf3 d6 3. Bb5+ Bd7 4. c4 a6 5. Bxd7+ Qxd7 6. d4 cxd4 7. Nxd4 g6 8.
Nc3 Bg7 9. Be3 Nf6 10. f3 Nc6 11. O-O O-O 12. Qd2 Nxd4 13. Bxd4 b5 14. cxb5
axb5 15. Rf2 e6 16. b3 b4 17. Na4 Qb5 18. Rd1 Rfd8 19. Qb2 e5 20. Bb6 Rd7 21.
Be3 Rb8 22. Rc2 d5 23. Rc5 Qb7 24. Nb6 d4 25. Nxd7 Nxd7 26. Rd5 Nf6 27. Rd6
dxe3 28. Qe2 Ne8 29. Rd7 Qb6 30. g3 Bf8 31. Qc4 Qf6 32. Kg2 Nd6 33. Qe2 Qe6 34.
Ra7 Nb5 35. Qxe3 Nxa7 36. Qxa7 Qb6 37. Qd7 Qb5 38. Qd2 Rc8 39. Kh3 Qe8 40. Qd3
Rc3 41. Qe2 Qe6+ 42. Kg2 Be7 43. Rd5 Qc6 44. Qd1 Rc2+ 45. Rd2 Rxd2+ 46. Qxd2
Qd6 47. Qe2 Qd4 48. Qb5 Qb2+ 49. Kg1 Qb1+ 50. Kg2 Qxa2+ 51. Kg1 Qb1+ 52. Kg2
Qc2+ 0-1

[Event "XV C.to Europeo femminile"]
[Site "Plovdiv BUL"]
[Date "2014.07.07"]
[Round "2"]
[White "Sedina, Elena"]
[Black "Arabidze, Meri"]
[WhiteElo "2288"]
[BlackElo "2406"]
[Result "1/2-1/2"]
[PlyCount "140"]
[EventDate "2014.07.06"]

1. e4 c5 2. Nf3 e6 3. c3 d5 4. exd5 exd5 5. d4 Nc6 6. Bb5 Bd6 7. dxc5 Bxc5 8.
O-O Nge7 9. Nbd2 O-O 10. Nb3 Bd6 11. Bd3 h6 12. h3 Nf5 13. Re1 Bc7 14. Bc2 Qd6
15. Qd3 g6 16. Qd1 h5 17. Bg5 f6 18. Be3 Rd8 19. Bc5 Qf4 20. Qc1 Qxc1 21. Raxc1
b6 22. Ba3 Be5 23. Nbd4 Ncxd4 24. Nxd4 Bxd4 25. cxd4 Nxd4 26. Bxg6 Bf5 27. Bxh5
Nc2 28. Be7 Nxe1 29. Rxe1 Rd7 30. Bxf6 d4 31. Re5 Bc2 32. Bg4 Rd6 33. Be7 Rg6
34. Rd5 Re8 35. Bb4 a5 36. Bd2 Rxg4 37. hxg4 d3 38. Be3 b5 39. Kf1 b4 40. Ke1
a4 41. Kd2 Rc8 42. Rc5 Rb8 43. Bf4 Re8 44. Be5 Re6 45. g5 Ra6 46. f4 a3 47.
bxa3 Rxa3 48. g6 Ra8 49. Rb5 Bb1 50. Rxb4 Bxa2 51. Kxd3 Rd8+ 52. Ke3 Be6 53.
Rb7 Bf5 54. Rg7+ Kf8 55. Rf7+ Kg8 56. Rg7+ Kf8 57. g4 Bxg4 58. Rf7+ Kg8 59.
Rg7+ Kf8 60. Rh7 Rc8 61. Rh8+ Ke7 62. Rxc8 Bxc8 63. Ke4 Bb7+ 64. Kf5 Bd5 65.
Kg5 Ke6 66. f5+ Kxe5 67. f6 Ke6 68. f7 Ke7 69. Kh6 Bxf7 70. gxf7 Kxf7 1/2-1/2

[Event "XV C.to Europeo femminile"]
[Site "Plovdiv BUL"]
[Date "2014.07.07"]
[Round "2"]
[White "Zimina, Olga"]
[Black "Pogonina, Natalija"]
[WhiteElo "2351"]
[BlackElo "2508"]
[Result "0-1"]
[PlyCount "88"]
[EventDate "2014.07.06"]

1. Nf3 d5 2. c4 e6 3. g3 dxc4 4. Qa4+ Bd7 5. Qxc4 c5 6. Ne5 Nc6 7. Nxd7 Qxd7 8.
Bg2 Nf6 9. Qa4 Nd5 10. Nc3 Be7 11. O-O O-O 12. d3 Rfd8 13. Bf4 Nd4 14. Qxd7
Rxd7 15. Bxd5 exd5 16. Rfc1 Ne6 17. Bd2 Bf6 18. Rab1 Re8 19. Kf1 h5 20. b4 c4
21. dxc4 dxc4 22. Ne4 Be7 23. Be3 b5 24. a4 a6 25. Nc5 Rd6 26. axb5 axb5 27.
Ra1 Rd5 28. Nxe6 fxe6 29. Rab1 Ra8 30. Rc2 Ra3 31. Bb6 Bf6 32. Bc5 Rb3 33. Rbc1
Bb2 34. Rb1 Ba3 35. Ra1 Bxb4 36. Ra8+ Kh7 37. Bxb4 Rxb4 38. Rb8 Rc5 39. e3 Rb1+
40. Ke2 b4 41. Rb7 b3 42. Rd2 c3 43. Rdd7 Rg5 44. h4 Rg4 0-1

[Event "XV C.to Europeo femminile"]
[Site "Plovdiv BUL"]
[Date "2014.07.08"]
[Round "3"]
[White "Brunello, Marina"]
[Black "Goryachkina, Aleksandra"]
[WhiteElo "2321"]
[BlackElo "2434"]
[Result "1/2-1/2"]
[PlyCount "35"]
[EventDate "2014.07.06"]

1. e4 c5 2. Nf3 d6 3. d4 cxd4 4. Nxd4 Nf6 5. Nc3 a6 6. Be2 e5 7. Nb3 Be7 8. O-O
O-O 9. Kh1 Nc6 10. f4 b5 11. Be3 Bb7 12. a4 exf4 13. Rxf4 Ne5 14. Qd4 Nc6 15.
Qd2 Ne5 16. Qd4 Nc6 17. Qd2 Ne5 18. Qd4 1/2-1/2

[Event "XV C.to Europeo femminile"]
[Site "Plovdiv BUL"]
[Date "2014.07.08"]
[Round "3"]
[White "De Rosa, Mariagrazia"]
[Black "Vasilevich, Irina"]
[WhiteElo "2081"]
[BlackElo "2328"]
[Result "1-0"]
[PlyCount "95"]
[EventDate "2014.07.06"]

1. e4 c5 2. Nf3 e6 3. b3 b6 4. d4 cxd4 5. Nxd4 Bb7 6. Nb5 a6 7. Nd6+ Bxd6 8.
Qxd6 Ne7 9. Nd2 Nbc6 10. Bb2 O-O 11. O-O-O Qb8 12. Nc4 b5 13. Nb6 Qxd6 14. Rxd6
Nc8 15. Rxd7 Rb8 16. Nxc8 Rfxc8 17. Ba3 e5 18. Bd3 Rd8 19. Rxd8+ Rxd8 20. f3 f6
21. Rd1 Kf7 22. c3 g5 23. Bc5 Kg6 24. Kd2 h5 25. g3 Rd7 26. Ke3 Nd8 27. Be2
Rxd1 28. Bxd1 Ne6 29. Bb6 h4 30. b4 hxg3 31. hxg3 g4 32. fxg4 Ng5 33. Bc2 Bc8
34. a4 Bxg4 35. axb5 axb5 36. Bd3 Bd7 37. c4 bxc4 38. Bxc4 f5 39. Bc7 fxe4 40.
Bxe5 Kf5 41. Bf4 Bc6 42. Bxg5 Kxg5 43. Be6 Kf6 44. Bh3 Ke5 45. Bf1 Kf5 46. b5
Bb7 47. Bh3+ Ke5 48. Bd7 1-0

[Event "XV C.to Europeo femminile"]
[Site "Plovdiv BUL"]
[Date "2014.07.08"]
[Round "3"]
[White "Petrenko, Svetlana"]
[Black "Zimina, Olga"]
[WhiteElo "2183"]
[BlackElo "2351"]
[Result "1/2-1/2"]
[PlyCount "120"]
[EventDate "2014.07.06"]

1. e4 e5 2. Nf3 Nc6 3. Bb5 a6 4. Ba4 Nf6 5. d3 b5 6. Bb3 Bc5 7. O-O O-O 8. c3
d6 9. h3 h6 10. d4 Bb6 11. d5 Ne7 12. Re1 Ng6 13. Nh2 Bd7 14. Be3 Bxe3 15. Rxe3
Nf4 16. Nd2 Nh7 17. Ndf1 f5 18. exf5 Bxf5 19. Rg3 Ng5 20. Ng4 Kh8 21. Bc2 Bxc2
22. Qxc2 Nxd5 23. Rd1 c6 24. Nfe3 Nxe3 25. Rxe3 Qe7 26. Qg6 Rad8 27. h4 Ne6 28.
g3 Nc7 29. Red3 Nd5 30. f3 Nf6 31. Ne3 e4 32. Nf5 Qa7+ 33. Rd4 exf3 34. Kh2 d5
35. Rf1 Qf7 36. Qxf7 Rxf7 37. Rf4 Ng4+ 38. Kh3 Ne5 39. Nd4 Rdf8 40. Ne6 Rxf4
41. gxf4 Rf6 42. fxe5 Rxe6 43. Rxf3 Kg8 44. Re3 Kf7 45. Rf3+ Ke7 46. Rg3 Kf7
47. Rf3+ Kg8 48. Re3 Re7 49. e6 g6 50. h5 Kg7 51. Kg4 a5 52. Kf4 Kf6 53. hxg6
Rg7 54. a3 Re7 55. b3 Rg7 56. Re2 Re7 57. Re3 Ra7 58. b4 axb4 59. axb4 Re7 60.
Re2 Rg7 1/2-1/2

[Event "XV C.to Europeo femminile"]
[Site "Plovdiv BUL"]
[Date "2014.07.08"]
[Round "3"]
[White "Zawadzka, Jolanta"]
[Black "Sedina, Elena"]
[WhiteElo "2397"]
[BlackElo "2288"]
[Result "1-0"]
[PlyCount "91"]
[EventDate "2014.07.06"]

1. e4 e6 2. d4 d5 3. e5 c5 4. c3 Qb6 5. Nf3 Nc6 6. a3 Bd7 7. b4 cxd4 8. cxd4
Rc8 9. Bb2 Na5 10. Nbd2 Nc4 11. Nxc4 dxc4 12. Rc1 Qa6 13. d5 exd5 14. Qxd5 Ne7
15. Qd6 Qxd6 16. exd6 Nf5 17. Bxc4 Nxd6 18. Bd5 Rxc1+ 19. Bxc1 Bb5 20. Kd2 Be7
21. Re1 Kd8 22. Kc3 Re8 23. Kb3 Bc6 24. Bxc6 bxc6 25. Be3 a6 26. Rc1 Kc7 27.
Nd4 Nb5 28. Nxc6 Bf6 29. a4 Nd6 30. Na5+ Kd7 31. Rd1 Ke6 32. Bc5 Ne4 33. Kc4
Rc8 34. Nb3 Nxf2 35. Rd6+ Kf5 36. Rxa6 Nd1 37. Nd4+ Ke4 38. Rc6 Rd8 39. Nf3
Nb2+ 40. Kb5 Nd1 41. a5 Kd5 42. Bb6 Re8 43. Rc5+ Kd6 44. Bc7+ Ke6 45. Be5 Be7
46. Nd4+ 1-0

[Event "XV C.to Europeo femminile"]
[Site "Plovdiv BUL"]
[Date "2014.07.09"]
[Round "4"]
[White "Guramishvili, Sopiko"]
[Black "De Rosa, Mariagrazia"]
[WhiteElo "2402"]
[BlackElo "2081"]
[Result "0-1"]
[PlyCount "102"]
[EventDate "2014.07.06"]

1. d4 Nf6 2. Nf3 g6 3. g3 Bg7 4. Bg2 O-O 5. c4 d6 6. Nc3 Nc6 7. O-O a6 8. Bf4
Nh5 9. Be3 Rb8 10. Rc1 e5 11. dxe5 dxe5 12. Nd5 e4 13. Nd4 f5 14. b4 Ne5 15.
Nb3 Be6 16. Nc5 Bf7 17. Nf4 Nxf4 18. Bxf4 Qe7 19. Bxe5 Bxe5 20. Qc2 Bd6 21. Nb3
Bxb4 22. c5 b6 23. c6 Rfd8 24. Rfd1 Bd6 25. e3 Be5 26. Nd4 Rd6 27. Bf1 b5 28.
a4 Bxd4 29. Rxd4 Rxd4 30. exd4 Qb4 31. axb5 axb5 32. Rb1 Qxd4 33. Rd1 Qa4 34.
Qc1 b4 35. Bc4 b3 36. Bxf7+ Kxf7 37. Rd7+ Ke6 38. Qc5 Qb4 39. Qd5+ Kf6 40. Rf7+
Kg5 41. h4+ Kg4 42. Qd1+ Kh3 43. h5 e3 44. Qf1+ Kg4 45. Qe2+ Kh3 46. Qf1+ Kg4
47. Qe2+ Kh3 48. Qxe3 Qe4 49. Qxe4 fxe4 50. hxg6 hxg6 51. Rf4 g5 0-1

[Event "XV C.to Europeo femminile"]
[Site "Plovdiv BUL"]
[Date "2014.07.09"]
[Round "4"]
[White "Melia, Salome"]
[Black "Brunello, Marina"]
[WhiteElo "2454"]
[BlackElo "2321"]
[Result "1-0"]
[PlyCount "55"]
[EventDate "2014.07.06"]

1. e4 c5 2. Nf3 d6 3. d4 cxd4 4. Nxd4 Nf6 5. Nc3 a6 6. h3 e6 7. g4 d5 8. Nde2
Bb4 9. a3 Ba5 10. b4 Bb6 11. exd5 Nxd5 12. Nxd5 exd5 13. Bb2 O-O 14. Bg2 Be6
15. O-O Nc6 16. Qd2 Qd6 17. Rad1 Rad8 18. c4 Bc7 19. f4 d4 20. c5 Qd7 21. Nxd4
Qc8 22. Qc3 Nxd4 23. Rxd4 f6 24. Rxd8 Rxd8 25. g5 Rf8 26. Qe3 fxg5 27. fxg5 Bc4
28. Qd4 1-0

[Event "XV C.to Europeo femminile"]
[Site "Plovdiv BUL"]
[Date "2014.07.09"]
[Round "4"]
[White "Sedina, Elena"]
[Black "Vovk, Oksana"]
[WhiteElo "2288"]
[BlackElo "2083"]
[Result "1-0"]
[PlyCount "91"]
[EventDate "2014.07.06"]

1. e4 e6 2. d4 d5 3. Nd2 c5 4. Ngf3 cxd4 5. Nxd4 Nf6 6. exd5 Qxd5 7. Nb5 Na6 8.
Nc3 Qd6 9. a3 Be7 10. Qf3 Nc7 11. Nc4 Qc6 12. Qxc6+ bxc6 13. Be2 Ncd5 14. Bf3
O-O 15. Ne5 Bb7 16. Bd2 Rfd8 17. O-O-O Nd7 18. Nxd7 Rxd7 19. Na4 c5 20. Be3 Rc7
21. Bd2 Nb6 22. Nxb6 axb6 23. Bf4 Bxf3 24. Bxc7 Bxd1 25. Rxd1 b5 26. Rd7 Kf8
27. Bd6 Bxd6 28. Rxd6 Ke7 29. Rb6 Ra5 30. Rb7+ Kf6 31. Kd2 g5 32. f3 h5 33. Kc3
Kg6 34. Rc7 b4+ 35. axb4 cxb4+ 36. Kxb4 Ra2 37. Kc3 e5 38. b4 g4 39. Kb3 Ra1
40. Kb2 Rg1 41. fxg4 hxg4 42. b5 Rd1 43. b6 Rd6 44. b7 Rb6+ 45. Kc1 f5 46. Rc6+
1-0

[Event "XV C.to Europeo femminile"]
[Site "Plovdiv BUL"]
[Date "2014.07.09"]
[Round "4"]
[White "Zimina, Olga"]
[Black "Mirzoeva, Elmira"]
[WhiteElo "2351"]
[BlackElo "2241"]
[Result "1/2-1/2"]
[PlyCount "81"]
[EventDate "2014.07.06"]

1. Nf3 d5 2. c4 d4 3. g3 Nc6 4. Bg2 e5 5. O-O Nf6 6. d3 a5 7. e3 Bc5 8. exd4
Bxd4 9. Nxd4 Nxd4 10. Re1 O-O 11. Nc3 Re8 12. Ne4 Nxe4 13. Bxe4 c6 14. Rb1 Bf5
15. Bxf5 Nxf5 16. Be3 Qd6 17. Qf3 g6 18. Qe4 Re7 19. Rbd1 c5 20. Qd5 Qxd5 21.
cxd5 Rd7 22. Bxc5 Rxd5 23. Rc1 Re8 24. Rc3 f6 25. Rec1 Red8 26. Bb6 R8d7 27.
Rc8+ Kg7 28. R1c7 a4 29. Rxd7+ Rxd7 30. Ra8 Rd6 31. Bc5 Rd5 32. Ba3 b5 33. Ra7+
Kg8 34. Ra8+ Kf7 35. Ra7+ Kg8 36. Rb7 g5 37. h3 Nd4 38. Kg2 Nc2 39. Be7 Kf7 40.
Bb4+ Kg8 41. Be7 1/2-1/2

[Event "XV C.to Europeo femminile"]
[Site "Plovdiv BUL"]
[Date "2014.07.10"]
[Round "5"]
[White "Agrest, Inna"]
[Black "Zimina, Olga"]
[WhiteElo "2223"]
[BlackElo "2351"]
[Result "1-0"]
[PlyCount "83"]
[EventDate "2014.07.06"]

1. e4 e5 2. Nf3 Nc6 3. Bb5 a6 4. Ba4 Nf6 5. O-O b5 6. Bb3 Bc5 7. a4 Rb8 8. c3
d6 9. d4 Bb6 10. axb5 axb5 11. Na3 O-O 12. Nxb5 Bg4 13. Bc2 Bxf3 14. gxf3 Nh5
15. f4 Nxf4 16. Bxf4 exf4 17. Qg4 Qf6 18. b4 Nd8 19. Na3 c6 20. Nc4 Bc7 21. Ra7
Rb5 22. d5 Bb8 23. Ra3 c5 24. bxc5 Rxc5 25. Nb6 Qe7 26. Qxf4 Ba7 27. Na4 Ra5
28. Raa1 Qc7 29. Qg3 f6 30. Nb2 Rxa1 31. Rxa1 Nf7 32. Nd1 Ne5 33. Ra6 Rb8 34.
Qh3 Bc5 35. Kh1 h6 36. f4 Nc4 37. Rc6 Qb7 38. e5 fxe5 39. Qe6+ Qf7 40. Rc8+
Rxc8 41. Qxc8+ Qf8 42. Bh7+ 1-0